000 00696nam a2200229Ia 4500
005 20250508160819.0
008 008 250505s9999 xx 000 0 eng d
020 _a0-07-047550-4
037 _aTextual
040 _aFEDL
_beng
_cFEDL
041 _aeng
_2eng
084 _a001.422, NOV
_qFEDL
100 _aNovick Melvin R
245 0 _aStatistical methods for educational and psychological research
260 _aNew York, USA
_bMcGraw Hill Book Company
_c1974
300 _axi,456p.
490 _aMcGraw-Hill series in psychology
650 _aEducational research
700 _a Jackson Paul H
_9769435
942 _cTEXL
_h001.422, NOV
999 _c1366766
_d1366766